Principles and Practices of Natural Farming/ (Record no. 50670)

MARC details
000 -LEADER
fixed length control field 00607nam a22001817a 4500
003 - CONTROL NUMBER IDENTIFIER
control field OSt
008 - FIXED-LENGTH DATA ELEMENTS--GENERAL INFORMATION
fixed length control field 260519b |||||||| |||| 00| 0 eng d
020 ## - INTERNATIONAL STANDARD BOOK NUMBER
International Standard Book Number 9789363461079
082 ## - DEWEY DECIMAL CLASSIFICATION NUMBER
Classification number 631.584
Item number W17P
100 ## - MAIN ENTRY--PERSONAL NAME
Personal name Walia , S.S.
245 ## - TITLE STATEMENT
Title Principles and Practices of Natural Farming/
Remainder of title by S.S. Walia , Tamanpreet Kaur and N Ravisankar
260 ## - PUBLICATION, DISTRIBUTION, ETC. (IMPRINT)
Place of publication, distribution, etc Jodhpur:
Name of publisher, distributor, etc Scientific Publishers;
Date of publication, distribution, etc 2025.
300 ## - PHYSICAL DESCRIPTION
Extent viii, 218 p.
650 ## - SUBJECT ADDED ENTRY--TOPICAL TERM
Topical term or geographic name as entry element Agriculture and related technologies | Technology (Applied sciences) | Natural farming
700 ## - ADDED ENTRY--PERSONAL NAME
Personal name Kaur , Tamanpreet
700 ## - ADDED ENTRY--PERSONAL NAME
Personal name Ravisankar, N
942 ## - ADDED ENTRY ELEMENTS (KOHA)
Source of classification or shelving scheme
Koha item type Books
Holdings
Withdrawn status Lost status Source of classification or shelving scheme Damaged status Not for loan Home library Current library Shelving location Date acquired Source of acquisition Cost, normal purchase price Total Checkouts Full call number Barcode Date last seen Bill Date Koha item type Bill Number
          Dr. Rajendra Prasad Central Agricultural University Pusa, Dr. Rajendra Prasad Central Agricultural University Pusa, General Stacks 19/05/2026 Scientific Publishers (India) 2295.00   631.584 W17P 87941 19/05/2026 01/02/2026 Books Invoice/SPI/25-26/425
          Dr. Rajendra Prasad Central Agricultural University Pusa, Dr. Rajendra Prasad Central Agricultural University Pusa, General Stacks 19/05/2026 Scientific Publishers (India) 2295.00   631.584 W17P 87942 19/05/2026 01/02/2026 Books Invoice/SPI/25-26/425
          Dr. Rajendra Prasad Central Agricultural University Pusa, Dr. Rajendra Prasad Central Agricultural University Pusa, General Stacks 19/05/2026 Scientific Publishers (India) 2295.00   631.584 W17P 87943 19/05/2026 01/02/2026 Books Invoice/SPI/25-26/425
          Dr. Rajendra Prasad Central Agricultural University Pusa, Dr. Rajendra Prasad Central Agricultural University Pusa, General Stacks 19/05/2026 Scientific Publishers (India) 2295.00   631.584 W17P 87944 19/05/2026 01/02/2026 Books Invoice/SPI/25-26/425
          Dr. Rajendra Prasad Central Agricultural University Pusa, Dr. Rajendra Prasad Central Agricultural University Pusa, General Stacks 19/05/2026 Scientific Publishers (India) 2295.00   631.584 W17P 87945 19/05/2026 01/02/2026 Books Invoice/SPI/25-26/425
Hosted, Implemented, Customized & Maintained by: BestBookBuddies

Powered by Koha